Funktionaltransformationen der Informationstechnik

Salvato in:
Dettagli Bibliografici
Autore principale: Posthoff, Christian
Altri autori: Woschni, Eugen-Georg
Natura: Libro
Lingua:tedesco
Pubblicazione: Berlin Akademie 1984
Tags: Aggiungi Tag
Nessun Tag, puoi essere il primo ad aggiungerne!!

MARC

LEADER 00000nam a2200000 4500
001 c106656
005 20041019155138.0
041 0 |a ger 
044 |a DE 
245 1 0 |a Funktionaltransformationen der Informationstechnik  |c Christian Posthoff, Eugen-Georg Woschni 
264 1 |a Berlin  |b Akademie  |c 1984 
300 |a 207 s. 
100 1 |a Posthoff, Christian 
700 1 |a Woschni, Eugen-Georg